Reflexiones en torno a las instituciones jurídicas relativas al teletrabajo, comercio electrónico y protección de los datos personales/ (Registro nro. 9659)

Detalles MARC
000 -LEADER
fixed length control field 01134nam a2200229Ia 4500
005 - FECHA Y HORA DE LA ÚLTIMA TRANSACCIÓN
control field 20231006165958.0
008 - FIXED-LENGTH DATA ELEMENTS--GENERAL INFORMATION
fixed length control field 231006s9999 xx 000 0 und d
020 ## - INTERNATIONAL STANDARD BOOK NUMBER
International Standard Book Number 978-99983-968-2-1
040 ## - CATALOGING SOURCE
Original cataloging agency UPAN
Transcribing agency Biblioteca San Vicente
Description conventions RCAA47
041 ## - LANGUAGE CODE
Language code of text/sound track or separate title spa
082 ## - DEWEY DECIMAL CLASSIFICATION NUMBER
Classification number 331.25
Item number A945r
año de publicación 2021
110 ## - MAIN ENTRY--CORPORATE NAME
Corporate name or jurisdiction name as entry element UTE
245 #0 - TITLE STATEMENT
Title Reflexiones en torno a las instituciones jurídicas relativas al teletrabajo, comercio electrónico y protección de los datos personales/
Remainder of title UTE
250 ## - EDITION STATEMENT
Edition statement 1º ed.
260 ## - PUBLICATION, DISTRIBUTION, ETC. (IMPRINT)
Place of publication, distribution, etc El Salvador:
Name of publisher, distributor, etc UTE,
Date of publication, distribution, etc 2021
300 ## - PHYSICAL DESCRIPTION
Extent 190 p.;
Dimensions 24 cm.
505 ## - FORMATTED CONTENTS NOTE
Formatted contents note Capitulo I. Ley de Regulación del Teletrabajo: Aspectos fundamentales y reflexiones sobre aspectos aun no regulados en El Salvador<br/>Capitulo II. La Ley de Comercio Electrónico: Definiciones, principios y contratación electrónica en El Salvador<br/>Capitulo III. La trayectoria de la regulación de los datos personales en El Salvador y los aspectos indispensables para su protección
650 ## - SUBJECT ADDED ENTRY--TOPICAL TERM
Source of heading or term LEMB
Topical term or geographic name as entry element Datos
General subdivision Seguridad
650 ## - SUBJECT ADDED ENTRY--TOPICAL TERM
Source of heading or term LEMB
Topical term or geographic name as entry element Justicia
General subdivision Electrónica
700 ## - ADDED ENTRY--PERSONAL NAME
Personal name Comisión Coordinadora del Sector Justicia
Relator code col.
942 ## - ADDED ENTRY ELEMENTS (KOHA)
Koha item type Libros
Source of classification or shelving scheme Dewey Decimal Classification
Existencias
Withdrawn status Lost status Source of classification or shelving scheme Damaged status Not for loan Collection code Home library Current library Date acquired Total Checkouts Full call number Barcode Date last seen Copy number Price effective from Koha item type
    Dewey Decimal Classification     Colección General Biblioteca UPAN San Vicente Biblioteca UPAN San Vicente 06/10/2023   331.25 A945r 12004382 06/10/2023 01 06/10/2023 Libros
    Dewey Decimal Classification     Colección General Biblioteca UPAN San Vicente Biblioteca UPAN San Vicente 06/10/2023   331.25 A945r 12004383 06/10/2023 02 06/10/2023 Libros
    Dewey Decimal Classification     Colección General Biblioteca UPAN San Vicente Biblioteca UPAN San Vicente 06/10/2023   331.25 A945r 12004384 06/10/2023 03 06/10/2023 Libros